| 000 | 00963cam a2200313 a 4500 | ||
|---|---|---|---|
| 001 | 4369630 | ||
| 003 | GBCCL | ||
| 005 | 20241126110432.0 | ||
| 008 | 900725s1988 cau 001 0 eng | ||
| 010 | _a 90178593 | ||
| 020 | _a0912075023 (hardcover) | ||
| 020 | _a155776025X (paperback) | ||
| 040 |
_aDLC _cDLC _dDLC |
||
| 043 | _an-us--- | ||
| 050 | 0 | 0 |
_aHV5825 _b.N28 1988 |
| 082 | 0 | 0 |
_a362.29386 _a362.293860973 _220 _bNAR |
| 245 | 0 | 0 | _aNarcotics Anonymous. |
| 250 | _a5th ed. | ||
| 260 |
_aVan Nuys, CA, U.S.A. : _bWorld Service Office, _c1988. |
||
| 300 |
_axvi, 286 p. ; _c23 cm. |
||
| 500 | _aIncludes index. | ||
| 610 | 2 | 0 |
_aNarcotics Anonymous. _95385 |
| 650 | 0 |
_aDrug addicts _xRehabilitation _zUnited States _vCase studies. _95386 |
|
| 710 | 2 |
_aNarcotics Anonymous. _95385 |
|
| 906 |
_a7 _bcbc _corignew _d2 _encip _f19 _gy-gencatlg |
||
| 942 |
_2ddc _cBK _04 |
||
| 999 |
_c2570 _d2570 |
||